| 000 | 00634nam a2200205 u 4500 | ||
|---|---|---|---|
| 001 | 000002425 | ||
| 005 | 20240412074200.0 | ||
| 008 | 090702s2004 dr 000 p spa d | ||
| 020 | _z99934404032 | ||
| 040 |
_aDO-SdBNP _bspa _cBNPHU |
||
| 082 |
_aRD861.44 _bP349s |
||
| 100 | 1 |
_aPeña Richardson, Julio César _97678 |
|
| 245 | 1 | 0 |
_aSal a la calle / _cJulio César Peña Richardson. |
| 260 |
_aSanto Domingo : _bIsenia Gráfica, _c2004. |
||
| 300 |
_a64 p. : _b21 cm. |
||
| 590 | _aInventariado, 2018 / DG | ||
| 650 | 0 |
_aPoesía dominicana _966 |
|
| 650 | 0 |
_aLiteratura dominicana. _967 |
|
| 910 | _aValidado. Control de calidad BNPHU | ||
| 999 |
_c2261 _d2261 |
||